| 000 | 00509nam a2200181Ia 4500 | ||
|---|---|---|---|
| 005 | 20250326125228.0 | ||
| 008 | 250326s9999 xx 000 0 und d | ||
| 037 | _aTextbook | ||
| 040 |
_aFMSL _beng _cFMSL |
||
| 041 |
_aeng _2eng |
||
| 084 |
_aX5:51 L4 _qFMSL |
||
| 100 |
_aWinkler J _9738699 |
||
| 245 | 0 |
_aWinkler on marketing planning _cWinkler J |
|
| 260 |
_aLondon _bLondon, Associated Business Programmes _c1974 |
||
| 300 | _a292p | ||
| 942 |
_cTB _hX5:51 L4 |
||
| 999 |
_c1277107 _d1277107 |
||